Istanbul Airport Destinations (Istanbul, Turkey) - Statistics

General Stats
  • This quiz has been taken 437 times
    279 since last reset
  • The average score is 198 of 346
Answer Stats
Airline Destination % Correct
Turkish Airlines Mus
95%
Emirates/flydubai/Turkish Airlines Dubai (International)
94%
Aegean Airlines/Sky Express/Turkish Airlines Athens
92%
Turkish Airlines Berlin
92%
Air Europa/Turkish Airlines Madrid
92%
IrAero/Red Wings Airlines/S7 Airlines/Ural Airlines Moscow (Domodedovo)
92%
Aeroflot/Pegas Fly/Rossiya Airlines/Southwind Airlines Moscow (Sheremetyevo)
92%
Azimuth/Pobeda/Turkish Airlines Moscow (Vnukovo)
92%
Red Wings Airlines Moscow (Zhukovsky)
92%
Air France/Turkish Airlines Paris (Charles de Gaulle)
92%
Transavia Paris (Orly)
92%
Turkish Airlines/Wizz Air London (Gatwick)
91%
British Airways/Turkish Airlines London (Heathrow)
91%
Wizz Air London (Luton)
91%
Turkish Airlines Ankara
90%
Air China/Turkish Airlines Beijing (Capital)
90%
China Southern Airlines Beijing (Daxing)
90%
Egyptair/Turkish Airlines Cairo
90%
Turkish Airlines Rome (Fiumicino)
90%
Turkish Airlines/Vueling Barcelona
89%
Turkish Airlines Munich
89%
Turkish Airlines New York (JFK)
89%
LOT Polish Airlines/Smartwings/Turkish Airlines Warsaw (Chopin)
89%
Etihad Airways/Turkish Airlines Abu Dhabi
88%
KLM/Turkish Airlines Amsterdam
88%
Turkish Airlines Antalya
88%
Azerbaijan Airlines/Turkish Airlines Baku
88%
IndiGo/Turkish Airlines Delhi
88%
Norwegian Air Shuttle/Turkish Airlines Oslo
88%
All Nippon Airways/Turkish Airlines Tokyo (Haneda)
88%
Turkish Airlines Tokyo (Narita)
88%
Air Serbia/Turkish Airlines Belgrade
87%
Air Algérie/Turkish Airlines Algiers
86%
Air Astana/Turkish Airlines Astana
86%
TAROM/Turkish Airlines Bucharest
86%
Qatar Airways/Turkish Airlines Doha
86%
Turkish Airlines Lisbon
86%
China Eastern Airlines/Turkish Airlines Shanghai (Pudong)
86%
Fly Baghdad/Iraqi Airways/Turkish Airlines Baghdad
85%
Thai Airways International/Turkish Airlines Bangkok (Suvarnabhumi)
85%
Turkish Airlines Brussels
85%
Turkish Airlines/Wizz Air Budapest
85%
Turkish Airlines Copenhagen
85%
Turkish Airlines Dublin
85%
Turkish Airlines Hamburg
85%
Pegasus Airlines/Turkish Airlines Izmir
85%
Turkish Airlines Milan (Malpensa)
85%
airBaltic/Turkish Airlines Riga
85%
flyadeal/flynas/Saudia/Turkish Airlines Riyadh
85%
Asiana Airlines/Korean Air/Turkish Airlines Seoul (Incheon)
85%
European Air Charter/Turkish Airlines Sofia
85%
Turkish Airlines Vienna
85%
Lufthansa/Turkish Airlines Frankfurt
84%
Turkish Airlines Helsinki
84%
Turkish Airlines Hong Kong
84%
Turkish Airlines Los Angeles
84%
IndiGo/Turkish Airlines Mumbai
84%
Aeroflot/Rossiya Airlines/Turkish Airlines Saint Petersburg
84%
Singapore Airlines/Turkish Airlines Singapore
84%
Turkish Airlines Van
84%
Turkish Airlines Zagreb
84%
Turkish Airlines Zurich
84%
easyJet/Turkish Airlines Manchester
83%
Jordan Aviation/Royal Jordanian/Turkish Airlines Amman (Queen Alia)
82%
Turkish Airlines Stockholm (Arlanda)
82%
Nouvelair/Tunisair/Turkish Airlines Tunis
82%
Ethiopian Airlines/Turkish Airlines Addis Ababa
81%
Turkish Airlines Cape Town
81%
Royal Air Maroc/Turkish Airlines Casablanca
81%
Turkish Airlines Chicago (O'Hare)
81%
Ariana Afghan Airlines/Kam Air/Turkish Airlines Kabul
81%
Jazeera Airways/Kuwait Airways/Turkish Airlines Kuwait City
81%
Turkish Airlines Miami
81%
Turkish Airlines Porto
81%
ATA Airlines/Caspian Airlines/Iran Air/Iran Airtour/Iran Aseman Airlines/Mahan Air/Meraj Airlines/Qeshm Air/Taban Air/Turkish Airlines/Yadz Airways Tehran (Imam Khomeini)
81%
Air Albania Tirana
81%
Egyptair/Turkish Airlines Alexandria
80%
Middle East Airlines/Turkish Airlines Beirut
80%
Pakistan International Airlines/Turkish Airlines Islamabad
80%
LOT Polish Airlines/Turkish Airlines Krakow
80%
Turkish Airlines Marseille
80%
Belavia Minsk
80%
Turkish Airlines Nice
80%
Transavia/Turkish Airlines Bordeaux
79%
Turkish Airlines Cologne/Bonn
79%
Turkish Airlines Edinburgh
79%
Turkish Airlines Geneva
79%
flyadeal/Saudia/Turkish Airlines Jeddah
79%
Turkish Airlines Kuala Lumpur (International)
79%
Turkish Airlines Naples
79%
Turkish Airlines Prague
79%
Turkish Airlines San Francisco
79%
Turkish Airlines Tallinn
79%
Afriqiyah Airways/Berniq Airways/Crown Airlines/Fly Oya/Ghadames Air Transport/Libyan Airlines/Libyan Wings/MedSky Airways/Turkish Airlines Tripoli (Mitiga)
79%
Transavia/Turkish Airlines Lyon
78%
Turkish Airlines Osaka (Kansai)
78%
Turkish Airlines Sarajevo
78%
Turkish Airlines Dusseldorf
77%
Turkish Airlines Hanoi
77%
Turkish Airlines Jakarta (Soekarno-Hatta)
77%
Turkish Airlines Johannesburg (O.R. Tambo)
77%
Turkish Airlines Lagos
77%
Turkish Airlines Tbilisi
77%
Turkish Airlines Toronto (Pearson)
77%
Turkish Airlines Vilnius
77%
FlyOne Armenia Yerevan
77%
Turkish Airlines Atlanta
76%
Turkish Airlines Boston
76%
China Southern Airlines/Turkish Airlines Guangzhou
76%
Turkish Airlines Mexico City
76%
Air Arabia Rabat
76%
Qanot Sharq/Turkish Airlines/Uzbekistan Airways Tashkent
76%
Turkish Airlines Thessaloniki
76%
Turkish Airlines Washington (Dulles)
76%
Turkish Airlines Manila
75%
Turkish Airlines Nairobi (Jomo Kenyatta)
75%
Turkish Airlines Venice
75%
Turkish Airlines Dallas/Fort Worth
74%
Turkish Airlines Ljubljana
74%
Air Astana/SCAT Airlines/Turkish Airlines Almaty
73%
Turkish Airlines Birmingham
73%
Turkish Airlines Damascus
73%
Turkish Airlines Dhaka
73%
Turkish Airlines Ho Chi Minh City
73%
Turkish Airlines Sao Paulo (Guarulhos)
73%
Turkish Airlines Seattle/Tacoma
73%
Turkish Airlines Sydney
73%
Turkish Airlines Vancouver
73%
Turkish Airlines Dakar (Diass)
72%
Turkish Airlines Houston (Intercontinental)
72%
Oman Air/SalamAir/Turkish Airlines Muscat
72%
Turkish Airlines Skopje
72%
Turkish Airlines Stuttgart
72%
Turkish Airlines Buenos Aires (Ezeiza)
71%
Turkish Airlines Marrakech
71%
Croatia Airlines Split
71%
Turkish Airlines Taipei (Taoyuan)
71%
MIAT Mongolian Airlines/Turkish Airlines Ulaanbaatar
71%
Turkish Airlines Palermo
70%
Air Montenegro/Turkish Airlines Podgorica
70%
Turkish Airlines Denpasar
69%
Turkish Airlines Karachi
69%
Turkish Airlines Malaga
69%
Icelandair Reykjavik
69%
Turkish Airlines Valencia
69%
Turkish Airlines Abuja
68%
Turkish Airlines Accra
68%
Turkish Airlines Lahore
68%
Turkish Airlines Melbourne
68%
Turkish Airlines Montreal (Trudeau)
68%
Turkish Airlines Bishkek
67%
FlyOne/HiSky/Turkish Airlines Chisinau
67%
Turkish Airlines Pristina
67%
Turkish Airlines/Turkmenistan Airlines Ashgabat
66%
Turkish Airlines Basel/Mulhouse
66%
Turkish Airlines Bogota
66%
Turkish Airlines Dubrovnik
66%
Turkish Airlines Luxembourg
66%
Saudia/Turkish Airlines Medina
66%
Turkish Airlines Turin
66%
Gulf Air/Turkish Airlines Bahrain
65%
Fly Baghdad/FlyErbil/Iraqi Airways/Turkish Airlines Erbil
65%
Turkish Airlines Bilbao
64%
Turkish Airlines Dar es Salaam
64%
Turkish Airlines Denver
64%
Turkish Airlines Kinshasa (N'djili)
64%
Turkish Airlines Luanda
64%
Turkish Airlines Gothenburg
63%
Aegean Airlines Heraklion
63%
Turkish Airlines Santiago de Chile
63%
Turkish Airlines Bologna
62%
Sichuan Airlines Chengdu (Tianfu)
62%
Turkish Airlines Hannover
62%
Turkish Airlines Kathmandu
62%
Turkish Airlines Mersin/Adana
62%
Turkish Airlines Gaziantep
61%
Turkish Airlines Leipzig/Halle
61%
Turkish Airlines Bari
60%
Turkish Airlines Colombo (Bandaranaike)
60%
Somon Air/Turkish Airlines Dushanbe
60%
Turkish Airlines Toulouse
60%
Turkish Airlines Male
59%
Turkish Airlines Mogadishu
59%
Turkish Airlines Nuremberg
59%
Turkish Airlines Abidjan
58%
Turkish Airlines Detroit
58%
Aegean Airlines Rhodes
58%
Turkish Airlines Caracas
57%
Transavia Nantes
57%
Turkish Airlines Bremen
56%
Turkish Airlines Cluj-Napoca
56%
Turkish Airlines Malta
56%
Turkish Airlines Salzburg
56%
Turkish Airlines Trabzon
56%
Turkish Airlines Varna
56%
Turkish Airlines Cancun
55%
Turkish Airlines Havana
55%
Pobeda/Red Wings Airlines/Turkish Airlines Kazan
55%
Royal Air Maroc Tangier
55%
Turkish Airlines Bodrum
54%
Turkish Airlines Catania
54%
Turkish Airlines Dammam
54%
Air Arabia Fes
54%
Turkish Airlines Newark
54%
Turkish Airlines Phuket
54%
Aeroflot/Azimuth/IrAero/Red Wings Airlines/Ural Airlines Sochi
54%
Turkish Airlines Bamako
53%
Iraqi Airways/Turkish Airlines Basra
53%
Turkish Airlines Batumi
53%
Turkish Airlines Freetown
53%
Turkish Airlines Konya
53%
Air Cairo/Turkish Airlines Sharm El Sheikh
53%
Aeroflot/Red Wings Airlines/Ural Airlines Yekaterinburg
53%
Turkish Airlines Antananarivo
52%
Turkish Airlines Durban
52%
Turkish Airlines Kigali
52%
Berniq Airways/Libyan Airlines/Turkish Airlines Benghazi
51%
Turkish Airlines Hurghada
51%
Turkish Airlines Lusaka
51%
Turkish Airlines Djibouti
50%
Air Algérie/Turkish Airlines Oran
49%
Aegean Airlines Santorini
49%
Transavia/Turkish Airlines Strasbourg
49%
easyJet Bristol
47%
Turkish Airlines Dalaman
47%
Turkish Airlines Mombasa
47%
S7 Sirlines Novosibirsk
47%
China Southern Airlines Urumqi
47%
Iran Air/Turkish Airlines Isfahan
46%
Turkish Airlines Maputo
46%
Iran Airtour/Turkish Airlines Mashhad
46%
Transavia Montpellier
46%
Turkish Airlines N'Djamena
46%
Turkish Airlines Niamey
46%
Iran Airtour/Turkish Airlines Shiraz
46%
Turkish Airlines Yaounde
46%
Turkish Airlines Zanzibar
46%
Turkish Airlines Asmara
45%
Turkish Airlines Conakry
45%
Air Arabia/Turkish Airlines Sharjah
45%
Turkish Airlines Banjul
44%
Turkish Airlines Batman
44%
Turkish Airlines Kayseri
44%
Turkish Airlines Mauritius
44%
Aegean Airlines Mykonos
44%
Red Wings Airlines Nizhny Novgorod
44%
Turkish Airlines Nouakchott
44%
Air Serbia Nis
43%
Turkish Airlines Ouagadougou
42%
Nordwind Airlines/Red Wings Airlines Samara
42%
Turkish Airlines Douala
41%
Turkish Airlines Juba
41%
Turkish Airlines Libreville
41%
Turkish Airlines Samsun
41%
ATA Airlines/Caspian Airlines/Iran Airtour/Meraj Airlines/Turkish Airlines Tabriz
41%
IrAero/Red Wings Airlines Ufa
39%
Turkish Airlines Billund
38%
Pobeda Volgograd
38%
Turkish Airlines Erzurum
37%
Turkish Airlines Gazipasa/Alanya
37%
Turkish Airlines Panama City (Tocumen)
37%
Air Algérie/Turkish Airlines Constantine
36%
Air Montenegro/Turkish Airlines Tivat
36%
Turkish Airlines Diyarbakir
35%
Wizz Air Iasi
35%
Turkish Airlines Rize/Artvin
35%
Turkish Airlines Kars
34%
Turkish Airlines Malabo
34%
Red Wings Airlines Perm
33%
Red Wings Airlines Chelyabinsk
32%
Turkish Airlines Cotonou
32%
Turkish Airlines Ordu/Giresun
32%
Turkish Airlines Entebbe
31%
Turkish Airlines Malatya
31%
Turkish Airlines Moroni
30%
Turkish Airlines Sivas
30%
FlyArystan/SCAT Airlines/Turkish Airlines Aktau
29%
Turkish Airlines Cebu
29%
Turkish Airlines Constanta
29%
Turkish Airlines Mardin
28%
Turkish Airlines Sanliurfa
28%
Fly Kibris Airlines/Turkish Airlines Ercan
27%
Turkish Airlines Erzincan
27%
Turkish Airlines Hatay
27%
Iraqi Airlines/Turkish Airlines Najaf
27%
Turkish Airlines Rovaniemi
27%
Turkish Airlines Aqaba
25%
Air Astana/SCAT Airlines Atyrau
25%
Turkish Airlines Kilimanjaro
25%
Fly Baghdad/Iraqi Airways/Turkish Airlines Kirkuk
25%
Turkish Airlines Ohrid
25%
SCAT Airlines Shymkent
25%
Turkish Airlines Agri
24%
Turkish Airlines/Uzbekistan Airways Bukhara
24%
Turkish Airlines Denizli
24%
Turkish Airlines Elazig
24%
Turkish Airlines Hakkari
24%
Nouvelair Sfax
24%
Turkish Airlines Sinop
23%
Turkish Airlines/Uzbekistan Airways Urgench
23%
Turkish Airlines Zonguldak
23%
Turkish Airlines Mahe
22%
Turkish Airlines Kahramanmaras
21%
Turkish Airlines Sirnak
21%
Turkish Airlines Tokat
21%
Turkish Airlines Adiyaman
20%
SCAT Airlines Aktobe
20%
Turkish Airlines Igdir
20%
Turkish Airlines Kastamonu
20%
Royal Air Maroc Oujda
20%
IrAero/Pobeda/Red Wings Airlines/Utair Makhachkala
19%
Turkish Airlines Port Harcourt
19%
Turkish Airlines Canakkale
18%
Turkish Airlines Isparta
18%
Turkish Airlines Kutahya
18%
Afriqiyah Airways/Libyan Wings/MedSky Airways Misrata
18%
Air Samarkand/Qanot Sharq/Turkish Airlines/Uzbekistan Airways Samarqand
18%
Saudia Neom Bay
17%
Air Algérie Annaba
16%
Turkish Airlines Bingol
16%
Turkish Airlines/Uzbekistan Airways Fergana
16%
Azimuth/IrAero Mineralnye Vody
16%
Karun Airlines Ahvaz
15%
Air Serbia Kraljevo
15%
Turkish Airlines Ganja
14%
Red Wings Airlines Orenburg
14%
Turkish Airlines Pointe Noire
14%
Turkish Airlines Ta'if
13%
Turkish Airlines Edremit
12%
Turkish Airlines Nakhchivan
12%
Qanot Sharq Namangan
12%
Iraqi Airways/Turkish Airlines Sulaimaniyah
12%
Red Wings Airlines Tyumen
12%
Turkish Airlines Merzifon
11%
Uzbekistan Airways Nukus
11%
Turkish Airlines Turkistan
11%
Pobeda/Red Wings Airlines Stavropol
8%
Pobeda/Red Wings Airlines Vladikavkaz
8%
Red Wings Airlines Nalchik
7%
Afriqiyah Airways/Libyan Airlines Bayda
6%
Somon Air Khujand
6%
Red Wings Airlines Nizhnekamsk
6%
Red Wings Airlines Kaluga
5%
Qanot Sharq Qarshi
5%
Yazd Airways Gorgan
4%
Turkish Airlines Nevsechir
2%
No matching quizzes found
Score Distribution
Percent of People with Each Score
Percentile by Number Answered
Your Score History
You have not taken this quiz since the last reset